Health care in Bombay Presidency,1896-1930 / (Record no. 72198)
[ view plain ]
| 000 -LEADER | |
|---|---|
| fixed length control field | 01311nam a22003017a 4500 |
| 005 - DATE AND TIME OF LATEST TRANSACTION | |
| control field | 2012121702412.0 |
| 008 - FIXED-LENGTH DATA ELEMENTS--GENERAL INFORMATION | |
| fixed length control field | 121217t xxu||||| |||| 00| 0 eng d |
| 010 ## - LCCN (DPL NO) | |
| LC control number | ENG-106373 |
| 020 ## - INTERNATIONAL STANDARD BOOK NUMBER | |
| International Standard Book Number | 9789380607245 |
| Terms of availability | 795.00 |
| 035 ## - SYSTEM CONTROL NUMBER | |
| System control number | EN-89906 |
| 037 ## - SOURCE OF ACQUISITION | |
| Source of stock number/acquisition | DBAD/PUB |
| 040 ## - CATALOGING SOURCE | |
| Original cataloging agency | DPL |
| Language of cataloging | ENG |
| 082 04 - DEWEY DECIMAL CLASSIFICATION NUMBER | |
| Classification number | 362.10954792 |
| Edition number | 23 |
| 100 1# - MAIN ENTRY--PERSONAL NAME | |
| Personal name | Ramanna, Mridula |
| 9 (RLIN) | 54350 |
| 245 10 - TITLE STATEMENT | |
| Title | Health care in Bombay Presidency,1896-1930 / |
| Statement of responsibility, etc | by Mridula Ramanna |
| 260 ## - PUBLICATION, DISTRIBUTION, ETC. (IMPRINT) | |
| Place of publication, distribution, etc | Delhi |
| Name of publisher, distributor, etc | Primus Books |
| Date of publication, distribution, etc | 2012 |
| 270 ## - ADDRESS | |
| Address | Virat Bhavan, Mukherjee Nagar Commercial Complex |
| City | Delhi |
| Postal code | 110009 |
| 300 ## - PHYSICAL DESCRIPTION | |
| Extent | viii, 202 p. : |
| Other physical details | ill. |
| Dimensions | 25cm(Hb) |
| 500 ## - GENERAL NOTE | |
| General note | Sequel to: Western medicine and public health in colonial Bombay, 1845-1895. |
| 500 ## - GENERAL NOTE | |
| General note | Includes bibliographical references (p. [189]-197) and index. |
| 650 #0 - SUBJECT ADDED ENTRY--TOPICAL TERM | |
| Topical term or geographic name as entry element | Medical care |
| Geographic subdivision | India |
| -- | Mumbai |
| General subdivision | History |
| Chronological subdivision | 19th century. |
| 9 (RLIN) | 54351 |
| 650 #0 - SUBJECT ADDED ENTRY--TOPICAL TERM | |
| Topical term or geographic name as entry element | Medical care |
| Geographic subdivision | India |
| -- | Mumbai |
| General subdivision | History |
| Chronological subdivision | 20th century. |
| 9 (RLIN) | 54352 |
| 650 #0 - SUBJECT ADDED ENTRY--TOPICAL TERM | |
| Topical term or geographic name as entry element | Public health |
| Geographic subdivision | India |
| -- | Mumbai |
| General subdivision | History. |
| 9 (RLIN) | 54353 |
| 650 #0 - SUBJECT ADDED ENTRY--TOPICAL TERM | |
| Topical term or geographic name as entry element | Medical policy |
| Geographic subdivision | India |
| -- | Mumbai |
| General subdivision | History. |
| 9 (RLIN) | 54354 |
| 942 ## - ADDED ENTRY ELEMENTS (KOHA) | |
| Source of classification or shelving scheme | Dewey Decimal Classification |
| Item type | English Books |
| Classification part | 362.10954792 |
| Call number suffix | RAM |
| Withdrawn status | Lost status | Source of classification or shelving scheme | Damaged status | Not for loan | Collection code | Home library | Current library | Date acquired | Cost, normal purchase price | Total Checkouts | Full call number | Barcode | Date last seen | Cost, replacement price | Koha item type |
|---|---|---|---|---|---|---|---|---|---|---|---|---|---|---|---|
| Dewey Decimal Classification | Non-fiction | D.B.Act.Division | D.B.Act.Division | 17/12/2012 | 795.00 | 362.10954792 RAM | EN-89906 | 17/12/2012 | 795.00 | English Books |
